000 00444nam a22001817a 4500
003 LK-CoDNM
005 20250205143213.0
008 250131b |||||||| |||| 00| 0 eng d
040 _aLK-CoDNM
_dLK-CoDNM
_eLK-CoDNM
041 _aeng
080 _a98
100 _aStevens,Thomas George
245 _aDiseases Of Women
260 _alondon
_buniversity press
_c1912
300 _a430P. : ill ; 24 cm
650 _ascience
942 _cBK
999 _c237809
_d237809